<?xml version="1.0" encoding="UTF-8"?><?xml-stylesheet type="text/xsl" href="static/style.xsl"?><OAI-PMH xmlns="http://www.openarchives.org/OAI/2.0/" xmlns:xsi="http://www.w3.org/2001/XMLSchema-instance" xsi:schemaLocation="http://www.openarchives.org/OAI/2.0/ http://www.openarchives.org/OAI/2.0/OAI-PMH.xsd"><responseDate>2026-04-17T22:50:17Z</responseDate><request verb="GetRecord" identifier="oai:www.recercat.cat:11351/9991" metadataPrefix="marc">https://recercat.cat/oai/request</request><GetRecord><record><header><identifier>oai:recercat.cat:11351/9991</identifier><datestamp>2025-10-24T10:22:39Z</datestamp><setSpec>com_2072_378070</setSpec><setSpec>com_2072_378040</setSpec><setSpec>col_2072_378092</setSpec></header><metadata><record xmlns="http://www.loc.gov/MARC21/slim" xmlns:dcterms="http://purl.org/dc/terms/" xmlns:xsi="http://www.w3.org/2001/XMLSchema-instance" xmlns:doc="http://www.lyncode.com/xoai" xsi:schemaLocation="http://www.loc.gov/MARC21/slim http://www.loc.gov/standards/marcxml/schema/MARC21slim.xsd">
   <leader>00925njm 22002777a 4500</leader>
   <datafield ind2=" " ind1=" " tag="042">
      <subfield code="a">dc</subfield>
   </datafield>
   <datafield ind2=" " ind1=" " tag="720">
      <subfield code="a">Winthrop, Kevin</subfield>
      <subfield code="e">author</subfield>
   </datafield>
   <datafield ind2=" " ind1=" " tag="720">
      <subfield code="a">Yndestad, Arne</subfield>
      <subfield code="e">author</subfield>
   </datafield>
   <datafield ind2=" " ind1=" " tag="720">
      <subfield code="a">Henrohn, Dan</subfield>
      <subfield code="e">author</subfield>
   </datafield>
   <datafield ind2=" " ind1=" " tag="720">
      <subfield code="a">Danese, Silvio</subfield>
      <subfield code="e">author</subfield>
   </datafield>
   <datafield ind2=" " ind1=" " tag="720">
      <subfield code="a">marsal, sara</subfield>
      <subfield code="e">author</subfield>
   </datafield>
   <datafield ind2=" " ind1=" " tag="720">
      <subfield code="a">Galindo, Maria</subfield>
      <subfield code="e">author</subfield>
   </datafield>
   <datafield ind2=" " ind1=" " tag="260">
      <subfield code="c">2023-07-07T12:07:32Z</subfield>
   </datafield>
   <datafield ind2=" " ind1=" " tag="260">
      <subfield code="c">2023-07-07T12:07:32Z</subfield>
   </datafield>
   <datafield ind2=" " ind1=" " tag="260">
      <subfield code="c">2023-04</subfield>
   </datafield>
   <datafield ind2=" " ind1=" " tag="520">
      <subfield code="a">Gripe; Artritis psoriásica; Colitis ulcerosa</subfield>
   </datafield>
   <datafield ind2=" " ind1=" " tag="520">
      <subfield code="a">Influenza; Psoriatic arthritis; Ulcerative colitis</subfield>
   </datafield>
   <datafield ind2=" " ind1=" " tag="520">
      <subfield code="a">Grip; Artritis psoriàsica; Colitis ulcerosa</subfield>
   </datafield>
   <datafield ind2=" " ind1=" " tag="520">
      <subfield code="a">Introduction&#xd;
This post hoc analysis evaluated influenza adverse events (AEs) across rheumatoid arthritis (RA), ulcerative colitis (UC), and psoriatic arthritis (PsA) tofacitinib clinical programs.&#xd;
Methods&#xd;
Available data from phase 1, randomized phase 2/3/3b/4 clinical trials (completed by 2018), and long-term extension (LTE) studies (up to May 2019) in patients with RA, UC, and PsA were included [randomized or Overall (phase 1–3b/4 and LTE studies) tofacitinib cohorts]. Incidence rates (IRs; events per 100 patient-years) of combined influenza AEs (seasons 2004/2005 to 2018/2019) were analyzed, including by tofacitinib dose [5 or 10 mg twice daily (BID)] and age (&lt; 65 versus ≥ 65 years). Logistic regression models evaluated risk factors for influenza AEs in the RA Overall tofacitinib cohort.&#xd;
Results&#xd;
In randomized cohorts, combined influenza AE IRs were generally similar across tofacitinib, adalimumab, methotrexate, and placebo groups, across indications. Among Overall tofacitinib cohorts, combined influenza AE IRs with tofacitinib 5/10 mg BID, respectively, were higher in the UC (3.66/5.09) versus RA (2.38/2.19) and PsA (1.74/1.29) cohorts. IRs were generally similar across tofacitinib dose and age groups. Most influenza AEs were nonserious and did not require changes to tofacitinib treatment. Significant risk factors for influenza AEs in patients with RA were geographic region, baseline oral corticosteroid and methotrexate use, and tofacitinib dose.&#xd;
Conclusions&#xd;
In the RA, UC, and PsA clinical programs, combined influenza AE IRs were highest in UC, while in each indication they were generally similar across tofacitinib, placebo, and comparator groups. Influenza AEs were predominantly nonserious and not associated with changes to tofacitinib treatment.</subfield>
   </datafield>
   <datafield ind2=" " ind1=" " tag="520">
      <subfield code="a">This study was sponsored by Pfizer. Medical writing support was funded by Pfizer. The journal’s Rapid Service Fee for this article was also funded by Pfizer.</subfield>
   </datafield>
   <datafield ind1="8" ind2=" " tag="024">
      <subfield code="a">http://hdl.handle.net/11351/9991</subfield>
   </datafield>
   <datafield tag="653" ind2=" " ind1=" ">
      <subfield code="a">Grip - Complicacions</subfield>
   </datafield>
   <datafield tag="653" ind2=" " ind1=" ">
      <subfield code="a">Proteïnes quinases - Inhibidors</subfield>
   </datafield>
   <datafield tag="653" ind2=" " ind1=" ">
      <subfield code="a">Artritis reumatoide</subfield>
   </datafield>
   <datafield tag="653" ind2=" " ind1=" ">
      <subfield code="a">DISEASES::Virus Diseases::RNA Virus Infections::Orthomyxoviridae Infections::Influenza, Human</subfield>
   </datafield>
   <datafield tag="653" ind2=" " ind1=" ">
      <subfield code="a">Other subheadings::Other subheadings::Other subheadings::/complications</subfield>
   </datafield>
   <datafield tag="653" ind2=" " ind1=" ">
      <subfield code="a">DISEASES::Musculoskeletal Diseases::Joint Diseases::Arthritis::Arthritis, Rheumatoid</subfield>
   </datafield>
   <datafield tag="653" ind2=" " ind1=" ">
      <subfield code="a">CHEMICALS AND DRUGS::Chemical Actions and Uses::Pharmacologic Actions::Molecular Mechanisms of Pharmacological Action::Enzyme Inhibitors::Protein Kinase Inhibitors</subfield>
   </datafield>
   <datafield tag="653" ind2=" " ind1=" ">
      <subfield code="a">ENFERMEDADES::virosis::infecciones por virus ARN::infecciones por Orthomyxoviridae::gripe humana</subfield>
   </datafield>
   <datafield tag="653" ind2=" " ind1=" ">
      <subfield code="a">Otros calificadores::Otros calificadores::Otros calificadores::/complicaciones</subfield>
   </datafield>
   <datafield tag="653" ind2=" " ind1=" ">
      <subfield code="a">ENFERMEDADES::enfermedades musculoesqueléticas::artropatías::artritis::artritis reumatoide</subfield>
   </datafield>
   <datafield tag="653" ind2=" " ind1=" ">
      <subfield code="a">COMPUESTOS QUÍMICOS Y DROGAS::acciones y usos químicos::acciones farmacológicas::mecanismos moleculares de acción farmacológica::inhibidores enzimáticos::inhibidores de proteínas cinasas</subfield>
   </datafield>
   <datafield ind2="0" ind1="0" tag="245">
      <subfield code="a">Influenza Adverse Events in Patients with Rheumatoid Arthritis, Ulcerative Colitis, or Psoriatic Arthritis in the Tofacitinib Clinical Development Programs</subfield>
   </datafield>
</record></metadata></record></GetRecord></OAI-PMH>